LIBRARY & INFORMATION CENTRE, KCAET, TAVANUR

ONLINE PUBLIC ACCESS CATALOGUE (OPAC)

In search of self (Record no. 11206)

MARC details
000 -LEADER
fixed length control field 00400cam a2200169ua 4500
041 ## - LANGUAGE CODE
Language code of text/sound track or separate title eng
082 ## - DEWEY DECIMAL CLASSIFICATION NUMBER
Classification number 370.15
Item number JER/IN
100 ## - MAIN ENTRY--AUTHOR NAME
Personal name Jersild , T. Arthur .
245 ## - TITLE STATEMENT
Title In search of self
260 ## - PUBLICATION, DISTRIBUTION, ETC. (IMPRINT)
Place of publication Coloumbia :
Name of publisher Teachers college , Coloumbia University ,
Year of publication 1960.
300 ## - PHYSICAL DESCRIPTION
Number of Pages 141 ; .
942 ## - ADDED ENTRY ELEMENTS (KOHA)
Koha item type Books
Holdings
Withdrawn status Lost status Damaged status Home library Current library Date acquired Full call number Accession Number Koha item type
Withdrawn     KAUAET Sanskrit University 07/04/2012 370.15 646 Books
free website counter